| 000 | 00648nam a2200205 a 4500 | ||
|---|---|---|---|
| 005 | 20221115063526.0 | ||
| 008 | 121024s2007 es r 000 0 spa d | ||
| 020 | _a9788467518986 | ||
| 035 | _aUPN01000188043 | ||
| 049 | _aI | ||
| 050 | 4 |
_aPZ76.3 _bI2.36 |
|
| 100 | 1 |
_aIbarrola López de Davalillo, Begoña, _d1954- _933374 |
|
| 245 | 1 | 0 |
_aCorreprisas y Tumbona / _cBegoña Ibarrola ; il. de AVI. |
| 260 |
_aMadrid : _bSM, _cc2007. |
||
| 300 |
_a29 p. : _aprincipalmente il. col. |
||
| 440 | 0 | _aCuentos para sentir | |
| 650 | 7 |
_aAnimales _vLiteratura infantil _2 _91061 |
|
| 650 | 7 |
_aLibros ilustrados para niños _2 _921365 |
|
| 905 | _aInfantil | ||
| 999 |
_c160146 _d160146 |
||